Sports Quiz

Random Sports or WWE Quiz

Armageddon 1999 Quiz Stats

 Plays Quiz not verified by Sporcle

Score 0/43 Timer 09:00
1 Play Today
Hint Answer % Correct
Match 10 - No Holds Barred MatchTriple H
94.6%
Match 8 - Tag Team Match for the WWF Tag Team ChampionshipThe Rock
94.4%
Match 8 - Tag Team Match for the WWF Tag Team ChampionshipMankind
89.1%
Match 6 - Steel Cage MatchKane
88.9%
Match 1 - Battle Royal to determine #1 contenders to the WWF Tag Team Championship at the Royal RumbleJeff Hardy
85.3%
Match 1 - Battle Royal to determine #1 contenders to the WWF Tag Team Championship at the Royal RumbleMatt Hardy
85.3%
Match 1 - Battle Royal to determine #1 contenders to the WWF Tag Team Championship at the Royal RumbleEdge
85.3%
Match 1 - Battle Royal to determine #1 contenders to the WWF Tag Team Championship at the Royal RumbleChristian
84.8%
Match 7 - Singles Match for the WWF Intercontinental ChampionshipChris Jericho
83.6%
Match 8 - Tag Team Match for the WWF Tag Team ChampionshipBilly Gunn
82.4%
Match 9 - Singles Match for the WWF ChampionshipBig Show
82.4%
Match 8 - Tag Team Match for the WWF Tag Team ChampionshipRoad Dogg
81.9%
Match 10 - No Holds Barred MatchMr. McMahon
80.4%
Match 6 - Steel Cage MatchX-Pac
78.3%
Match 1 - Battle Royal to determine #1 contenders to the WWF Tag Team Championship at the Royal RumbleBradshaw
77.3%
Match 1 - Battle Royal to determine #1 contenders to the WWF Tag Team Championship at the Royal RumbleD-Von Dudley
77.3%
Match 1 - Battle Royal to determine #1 contenders to the WWF Tag Team Championship at the Royal RumbleBubba Ray Dudley
77.1%
Match 7 - Singles Match for the WWF Intercontinental ChampionshipChyna
75.3%
Match 1 - Battle Royal to determine #1 contenders to the WWF Tag Team Championship at the Royal RumbleFaarooq
74.6%
Match 2 - Singles MatchKurt Angle
72.8%
Match 9 - Singles Match for the WWF ChampionshipBig Boss Man
68.9%
Match 5 - Triple Threat Match for the WWF European ChampionshipD’Lo Brown
67.9%
Hint Answer % Correct
Sunday Night Heat: Singles MatchTest
61.9%
Match 5 - Triple Threat Match for the WWF European ChampionshipVal Venis
61.9%
Match 4 - Tag Team MatchHardcore Holly
61.8%
Match 3 - Evening Gown Pool Match for the WWF Women's Championship with The Fabulous Moolah and Mae Young as special guest refereesIvory
61.4%
Match 4 - Tag Team MatchCrash Holly
61.3%
Match 4 - Tag Team MatchRikishi
60.6%
Match 1 - Battle Royal to determine #1 contenders to the WWF Tag Team Championship at the Royal RumbleMark Henry
59.1%
Match 3 - Evening Gown Pool Match for the WWF Women's Championship with The Fabulous Moolah and Mae Young as special guest refereesMiss Kitty
58%
Match 1 - Battle Royal to determine #1 contenders to the WWF Tag Team Championship at the Royal RumbleScotty 2 Hotty
57.5%
Match 1 - Battle Royal to determine #1 contenders to the WWF Tag Team Championship at the Royal RumbleGrand Master Sexay
56.1%
Match 1 - Battle Royal to determine #1 contenders to the WWF Tag Team Championship at the Royal RumbleThe Godfather
55.4%
Sunday Night Heat: Singles MatchAl Snow
54.8%
Match 5 - Triple Threat Match for the WWF European ChampionshipThe British Bulldog
51.6%
Match 3 - Evening Gown Pool Match for the WWF Women's Championship with The Fabulous Moolah and Mae Young as special guest refereesJacqueline
51.5%
Match 2 - Singles MatchSteve Blackman
50.3%
Match 1 - Battle Royal to determine #1 contenders to the WWF Tag Team Championship at the Royal RumbleMosh
49.5%
Match 1 - Battle Royal to determine #1 contenders to the WWF Tag Team Championship at the Royal RumbleThrasher
48.4%
Match 4 - Tag Team MatchViscera
47.5%
Match 3 - Evening Gown Pool Match for the WWF Women's Championship with The Fabulous Moolah and Mae Young as special guest refereesB.B.
29.5%
Match 1 - Battle Royal to determine #1 contenders to the WWF Tag Team Championship at the Royal RumblePete Gas
26.3%
Match 1 - Battle Royal to determine #1 contenders to the WWF Tag Team Championship at the Royal RumbleRodney
24.9%

You're not logged in!

Compare scores with friends on all Sporcle quizzes.
OR
Log In

Sporcle TV

Today on Sporcle TV


Watch our educational content, quiz creation guides, and fun videos on Sporcle TV.

Show Comments

Extras

Top Quizzes Today


Score Distribution

Your Account Isn't Verified!

In order to create a playlist on Sporcle, you need to verify the email address you used during registration. Go to your Sporcle Settings to finish the process.

Report this User

Report this user for behavior that violates our Community Guidelines.

Details: